| 000 | 01056nam0a2200277 i 4500 | ||
|---|---|---|---|
| 001 | RU\NLR\bibl\1959515 | ||
| 005 | 20260406095408.0 | ||
| 021 |
_aRU _b2012-74729 _95533 |
||
| 035 | _a(NLR Aleph) 001948548 | ||
| 090 |
_a3663198 _c3663198 |
||
| 100 | _a20121024d2012 u y0rusy50 ca | ||
| 101 | 0 | _arus | |
| 102 | _aRU | ||
| 105 | _aa ||||||||| | ||
| 200 | 1 |
_aТревога! Ювенальная юстиция _f[под общ. ред. С. С. Сулакшина] |
|
| 210 |
_aМосква _cНаучный эксперт _d2012 |
||
| 215 |
_a48 с. _cил., цв. ил. _d20 |
||
| 606 | 1 |
_aЮвенальная юстиция _yРоссийская Федерация _92334023 _3RU\NLR\auth\661395543 |
|
| 686 | _aХ629.381 | ||
| 702 | 1 |
_4340 _8rus _7ca _aСулакшин _bС. С. _cд-р физ.-мат. наук, д-р полит. наук _f1954- _gСтепан Степанович _3RU\NLR\auth\7772216 _955144 |
|
| 801 | 0 |
_aRU _bNLR _c20121024 _gRCR |
|
| 801 | 1 |
_aRU _bNLR _c20121024 |
|
| 942 | _cBOOK | ||
| 980 | _aNBR | ||